| 000 | 00482nam a2200169Ia 4500 | ||
|---|---|---|---|
| 003 | GCL | ||
| 008 | 140319s9999 xx 000 0 eng d | ||
| 040 |
_aGCL / _cGCL |
||
| 082 | 0 | 4 |
_a170 _bS M |
| 100 | 1 | _aSOLOMON, ROBERT | |
| 245 | 1 | 0 |
_aMORALITY AND THE GOOD LIFE: AN INTRODUCTION TO ETHICS THROUGH CLASSICAL SOURCES / _cSOLOMON, ROBERT |
| 260 |
_a[S.N] : _bMC GRAW - HILL ، _c1992 |
||
| 300 | _a443 P | ||
| 650 | 0 | 4 | _aPHILOSOPHY - HISTORY |
| 650 | 0 | 4 | _aETHICS |
| 942 |
_2ddc _cBK |
||
| 999 |
_c21028 _d21028 |
||